000
00291nam a22001337a 4500
008
171013b xxu||||| |||| 00| 0 eng d
020
_a
9780071809443
041
_a
eng
080
_a
336
100
_a
51
101
_a
INV
245
_a
HOW TO MANY STOCKS
_c
SMITH.A
942
_2
udc
_c
BK
999
_c
33829
_d
33829